| 000 | 00741cam a2200193 4500 | ||
|---|---|---|---|
| 001 | WB3639-10 | ||
| 008 | 000000n2000 000 0 eng u | ||
| 035 | _a(Sirsi) u108627 | ||
| 245 | _aWarehouse rental growth reaches peak of its cycle | ||
| 260 | _c2000 | ||
| 490 |
_aRetail Week _v 29 September 2000, 23(1) |
||
| 520 | _aPrime retail warehouse rents have continued to rise, recording an average increase of 12% in the year to September 2000, according to the GVA Grimley/Retail Week Warehouse Index but this may be the peak of the cycle. | ||
| 590 | _aWB | ||
| 650 | _aRETAIL WAREHOUSE RENTS | ||
| 650 | _aRETAIL WAREHOUSE MARKET | ||
| 650 | _aRENT INDEX | ||
| 690 | _aPROPERTY-COMMERCIAL PROPERTY-RETAIL PROPERTY | ||
| 942 | _n0 | ||
| 999 |
_c64852 _d64852 |
||